000 00543nam a22001817a 4500
005 20130913112602.0
010 _aENG-107796
020 _a9789382536079
_c160.00
035 _aEN-91329
037 _bDBAD/PUB
082 _aS
100 _aMurthy, Vasudev
245 _aThe time merchants and other strange tales /
_cby Vasudev Murthy
260 _aNew Delhi
_bLiFi Publications Pvt. Ltd.
_c2013
270 _a211, 2nd Floor, Gagandeep 12, Rajendra Place
_bNew Delhi
_e110008
300 _aix,155 p.
_c18cm(pbk)
942 _2ddc
_cEN
_mMUR
_hS
999 _c77086
_d77086